Anglicko-český slovník s výslovností, přízvukem, mluvnicí, vazbami a frazeologií

Gespeichert in:
Bibliographische Detailangaben
1. Verfasser: Osička, Antonín
Weitere Verfasser: Poldauf, Ivan
Format: Buch
Sprache:Tschechisch
Englisch
Veröffentlicht: Praha ČSAV 1957
Ausgabe:3. vyd.
Tags: Tag hinzufügen
Keine Tags, Fügen Sie das erste Tag hinzu!

MARC

LEADER 00000nam a2200000 4500
001 c122817
005 20150325110634.0
041 0 |a cze 
041 0 |a eng 
044 |a CZ 
245 1 0 |a Anglicko-český slovník s výslovností, přízvukem, mluvnicí, vazbami a frazeologií  |c Antonín Osička a Ivan Poldauf 
250 |a 3. vyd. 
264 1 |a Praha  |b ČSAV  |c 1957 
300 |a 519 s. 
100 1 |a Osička, Antonín 
700 1 |a Poldauf, Ivan